| 000 | 00542nam a2200229Ia 4500 | ||
|---|---|---|---|
| 008 | 210210b2013 xxu||||| |||| 00| 0 eng d | ||
| 020 | _a0198077599 | ||
| 041 | _aeng | ||
| 082 | _a352.34 MATP | ||
| 100 | _aMATHUR (Kuldeep) | ||
| 245 | _aPublic policy and politics in India | ||
| 260 |
_aNew Delhi _bOxford University Press _c2013 |
||
| 300 | _ax,295 | ||
| 650 | _aPublic | ||
| 650 | _apolitics | ||
| 650 | _apolicy | ||
| 650 | _aIndia | ||
| 650 | _ain | ||
| 650 | _aand | ||
| 690 | _aPublic Administration | ||
| 906 | _a067718 | ||
| 999 |
_c150860 _d150860 |
||